| 000 | 00514nam a22001697a 4500 | ||
|---|---|---|---|
| 003 | MACL | ||
| 005 | 20160602165431.0 | ||
| 008 | 160602b xxu||||| |||| 00| 0 eng d | ||
| 040 | _cMACL | ||
| 041 | _aHindi | ||
| 082 | _a920 | ||
| 100 |
_aरोलां, रोमां _933058 |
||
| 245 |
_aविवेकानन्द की जीवनी _cरोमां रोलां |
||
| 260 |
_aकोलकाता _bअदैत आश्रम _c2005 |
||
| 650 |
_aBiography _961859 |
||
| 942 |
_2ddc _cHIN |
||
| 999 |
_c54203 _d54203 |
||